Dorothea von Montau und die Stadt Marienwerder
| Titel: | Dorothea von Montau und die Stadt Marienwerder |
|---|---|
| Verfasser: | |
| In: |
Beiträge zur Geschichte Westpreußens, Band 7 (1981), Seite 147-158 alle Artikel anzeigen |
| Veröffentlicht: | 1981 |
| Format: | Aufsatz |
| Sprache: | Deutsch |
X
alg: 39191079 001A $01999:11-11-16 001B $03025:26-09-25 $t15:20:14.000 001C $06050:19-11-16 $t08:26:16.000 001D $01999:11-11-16 001U $0utf8 001X $00 002@ $0Aox 003@ $0391910795 007A $0391910795 $aHEB 007T $0Herd23277 010@ $ager 011@ $a1981 021A $aDorothea von Montau und die Stadt Marienwerder 028A $BVerfasser $#Triller, Anneliese Klara $#Birch-Hirschfeld, Anneliese $#Hirschfeld, Anneliese Birch- $4aut $71073901017 $8Triller, Anneliese$Z1903-1998 [Tp1] $9362033730 031A $d7 $h147-158 $j1981 039B $aIn $8--Abvc--. Beiträge zur Geschichte Westpreußens. - Münster, Westf. : Nicolaus-Copernicus-Verl., 1967-2008. - ISSN 0341-9436 $x198100000070000853 $9046826319 044K $#Dorothea$#Montau, Dorothea von Heilige $#Dorothea $#Dorothea $#Dorota $#Dorothea $7118526901 $8$PDorothea$lvon Montau, Heilige$Z1347-1394 [Tp1] $9086867997 044K $RMarienwerder $RWoiwodschaft Pommern $#Marienwerder $#Marienwerder $717863-9 $8Kwidzyn [Tg1] $9040284700 045F $a929.094382 $eDDC23BSB 045F/01 $a929 045F/03 $g4382 045F/03 $g43832 045R $aGeschichte 1347-1397 045T $a8,1 lok: 39191079 78 exp: 39191079 78 1 #EPN 201B/01 $008-11-19 $t22:47:18.000 201U/01 $0utf8 203@/01 $0788006533 208@/01 $a11-11-16 $be 209A/01 $a/ $f000 $x00 220C/01 $aTitelaufnehmer: kl 244Z/01 $2Trx $#Prusy Wschodnie i Zachodnie $8--Trx--Ost- und Westpreußen $x01 $939113373X 244Z/01 $#Marienwerder $#Marienwerder $717863-9 $8--Tg1--Kwidzyn $x02 $9040284700 244Z/01 $aGeschichte 1347-1397 $x03 244Z/01 $#Dorothea $#Montau, Dorothea von Heilige $#Dorothea $#Dorothea $#Dorota $#Dorothea $7118526901 $8--Tp1--$PDorothea$lvon Montau, Heilige$Z1347-1394 $x04 $9086867997 244Z/01 $2Trx $#müstikud $#mistikai $#mystics $#misztikus $#mistycy $#mystici $#mystikové $8--Trx--Mystiker $x05 $9391371746 244Z/01 $2Trx $8--Trx--Zeitschriftenaufsatz $x06 $9391384341 245Z/01 $a12.03 $x01 247C/01 $82080>Marburg/Lahn, Herder-Institut, Forschungsbibliothek, Bibliographieportal $9336309341
| LEADER | 00000caa a22000002c 4500 | ||
|---|---|---|---|
| 001 | 391910795 | ||
| 003 | DE-603 | ||
| 005 | 20250926152014.0 | ||
| 007 | tu | ||
| 008 | 161111s1981 xx |||| | u00||u|ger c | ||
| 035 | |a (DE-599)HEB391910795 | ||
| 040 | |a DE-603 |b ger |c DE-603 |d DE-603 | ||
| 041 | |a ger | ||
| 082 | 0 | 4 | |8 1\u |a 929.094382 |q DE-101 |2 23/BSB |
| 084 | |a 8,1 |2 ssgn | ||
| 085 | |8 1\u |b 929 | ||
| 085 | |8 1\u |z 2 |s 4382 | ||
| 085 | |8 1\u |z 2 |s 43832 | ||
| 100 | 1 | |a Triller, Anneliese |d 1903-1998 |e Verfasser |4 aut |0 (DE-603)362033730 |0 (DE-588)1073901017 |2 gnd | |
| 245 | 0 | 0 | |a Dorothea von Montau und die Stadt Marienwerder |
| 264 | 0 | |c 1981 | |
| 600 | 0 | 7 | |a Dorothea |c von Montau, Heilige |d 1347-1394 |0 (DE-588)118526901 |0 (DE-603)086867997 |2 gnd |
| 648 | 7 | |a Geschichte 1347-1397 |2 gnd | |
| 651 | 7 | |a Kwidzyn |0 (DE-588)17863-9 |0 (DE-603)040284700 |2 gnd | |
| 773 | 0 | 8 | |i In |t Beiträge zur Geschichte Westpreußens |d Münster, Westf. : Nicolaus-Copernicus-Verl., 1967-2008 |h 24 cm |x 0341-9436 |g Band 7 (1981), Seite 147-158 |w (DE-603)046826319 |w (DE-600)731-6 |
| 924 | 0 | |9 2080 |a (DE-603)788006533 |b DE-2080 |c HES |d d |g / | |


